[Event "RUS-ch Rapid (Women)"]
[Site "Sochi"]
[Date "2023.10.16"]
[Round "8"]
[White "Kabanova, Ekaterina"]
[Black "Nosacheva, Mariya"]
[Result "0-1"]
[WhiteElo "2040"]
[BlackElo "2103"]
[PlyCount "84"]
[EventDate "2023.10.15"]
[EventType "swiss (rapid)"]
[EventRounds "11"]
[EventCountry "RUS"]
[SourceTitle "Mega2024 Update 01"]
[Source "Chessbase"]
[SourceDate "2023.11.12"]
[SourceVersion "1"]
[SourceVersionDate "2023.11.12"]
[SourceQuality "1"]

1. c4 Nf6 2. Nf3 g6 3. e3 Bg7 4. Be2 0-0 5. 0-0 c5 6. Qc2 Nc6 7. a3 d6 8. d3 e5 9. Nbd2 Ne8 10. Rb1 f5 11. b4 b6 12. bxc5 dxc5 13. Bb2 Qc7 14. Bc3 Bb7 15. Qb2 Rd8 16. h3 Nd4 17. exd4 exd4 18. Ba5 Bxf3 19. Bxf3 bxa5 20. Qb7 Qf4 21. Nb3 Rb8 22. Qxa7 Kh8 23. Qxc5 a4 24. Na1 Nf6 25. Nc2 Nd7 26. Qd5 Rbd8 27. Qa5 Be5 28. Rfe1 Rfe8 29. Kf1 Qh2 30. g3 Bxg3 31. Bg2 Bh4 32. Qd2 Ne5 33. Qh6 Bxf2 34. Kxf2 Ng4+ 35. hxg4 Qxh6 36. Nb4 Qd2+ 37. Kf1 fxg4 38. Rxe8+ Rxe8 39. Kg1 Qe3+ 40. Kh1 g3 41. Ra1 Qf2 42. Nd5 Re1+ 0-1

[Event "RUS-ch Blitz (Women)"]
[Site "Sochi"]
[Date "2023.10.14"]
[Round "4"]
[White "Budaeva, Victoria"]
[Black "Nosacheva, Mariya"]
[Result "1-0"]
[WhiteElo "1424"]
[BlackElo "2103"]
[PlyCount "62"]
[EventDate "2023.10.14"]
[EventType "swiss (blitz)"]
[EventRounds "13"]
[EventCountry "RUS"]
[SourceTitle "Mega2024 Update 01"]
[Source "Chessbase"]
[SourceDate "2023.11.12"]
[SourceVersion "1"]
[SourceVersionDate "2023.11.12"]
[SourceQuality "1"]

1. e4 c5 2. Nf3 d6 3. c3 Nf6 4. Bd3 g6 5. h3 Bg7 6. Bc2 0-0 7. d4 Nbd7 8. 0-0 e5 9. dxe5 Nxe5 10. Nxe5 dxe5 11. Qe2 Qc7 12. Na3 Be6 13. Nc4 b5 14. Ne3 c4 15. a4 a6 16. Rd1 Rfd8 17. Rxd8+ Rxd8 18. axb5 axb5 19. Ng4 Nd7 20. Be3 h5 21. Nh2 Nc5 22. Rd1 Nd3 23. Bxd3 cxd3 24. Rxd3 Bc4 25. Rxd8+ Qxd8 26. Qd2 Qa8 27. Nf3 Qxe4 28. Ng5 Qa8 29. Bc5 Bf6 30. Ne4 Qxe4 31. f3 Qb1+ 1-0

[Event "Sochi Pearl Blitz op"]
[Site "Sochi"]
[Date "2023.10.12"]
[Round "3"]
[White "Nosacheva, Mariya"]
[Black "Alekseev, Evgeny V"]
[Result "0-1"]
[WhiteElo "2103"]
[BlackElo "2573"]
[PlyCount "66"]
[EventDate "2023.10.12"]
[EventType "swiss (blitz)"]
[EventRounds "13"]
[EventCountry "RUS"]
[SourceTitle "Mega2024 Update 01"]
[Source "Chessbase"]
[SourceDate "2023.11.12"]
[SourceVersion "1"]
[SourceVersionDate "2023.11.12"]
[SourceQuality "1"]

1. e4 c5 2. Nf3 e6 3. d4 cxd4 4. Nxd4 Nc6 5. Nc3 a6 6. a3 d6 7. Be3 Nf6 8. Be2 Be7 9. Qd2 Qc7 10. g4 b5 11. g5 Nd7 12. h4 Bb7 13. h5 Nc5 14. f3 Ne5 15. Rh3 0-0-0 16. 0-0-0 Kb8 17. Bf4 Rc8 18. Kb1 Rhd8 19. Nb3 Ka8 20. Na2 Na4 21. Na5 Qb6 22. Nxb7 Qxb7 23. Qd4 Qc7 24. Bd3 Nxd3 25. Qxd3 Qb7 26. Be3 d5 27. e5 Qc6 28. Bd4 Qc4 29. Qxh7 g6 30. Nc3 Bxa3 31. f4 Nxb2 32. hxg6 Nxd1 33. gxf7 Qb4+ 0-1

[Event "Sochi Pearl Blitz op"]
[Site "Sochi"]
[Date "2023.10.12"]
[Round "9"]
[White "Nosacheva, Mariya"]
[Black "Smagin, Sergey"]
[Result "1-0"]
[WhiteElo "2103"]
[BlackElo "2551"]
[PlyCount "89"]
[EventDate "2023.10.12"]
[EventType "swiss (blitz)"]
[EventRounds "13"]
[EventCountry "RUS"]
[SourceTitle "Mega2024 Update 01"]
[Source "Chessbase"]
[SourceDate "2023.11.12"]
[SourceVersion "1"]
[SourceVersionDate "2023.11.12"]
[SourceQuality "1"]

1. e4 d5 2. exd5 Nf6 3. Nf3 Nxd5 4. d4 g6 5. Be2 Bg7 6. 0-0 0-0 7. Re1 Nc6 8. c3 a5 9. Nbd2 a4 10. Nc4 a3 11. Nxa3 Rxa3 12. bxa3 Nxc3 13. Qc2 Nxd4 14. Nxd4 Qxd4 15. Be3 Nxe2+ 16. Qxe2 Qxa1 17. Rxa1 Bxa1 18. Bg5 Re8 19. h4 Bg7 20. h5 h6 21. Bf4 e5 22. hxg6 fxg6 23. Qc4+ Kh7 24. Be3 c6 25. a4 Be6 26. Qb4 Ra8 27. a3 b5 28. a5 Bd5 29. Bb6 e4 30. Qe7 Kg8 31. Qb7 Re8 32. a6 e3 33. Bxe3 Re5 34. a7 c5 35. a8Q+ Kh7 36. Qxd5 Rxd5 37. Qxd5 c4 38. Bd4 Bf8 39. Qd7+ Kg8 40. Qxb5 Kf7 41. Qxc4+ Ke8 42. Qc6+ Kf7 43. Qd7+ Kg8 44. Qe6+ Kh7 45. Qf7+ 1-0

[Event "Sochi Pearl Rapid op"]
[Site "Sochi"]
[Date "2023.10.11"]
[Round "11"]
[White "Nosacheva, Mariya"]
[Black "Zaytsev, Egor"]
[Result "1/2-1/2"]
[WhiteElo "2103"]
[BlackElo "1920"]
[PlyCount "91"]
[EventDate "2023.10.09"]
[EventType "swiss (rapid)"]
[EventRounds "11"]
[EventCountry "RUS"]
[SourceTitle "Mega2024 Update 01"]
[Source "Chessbase"]
[SourceDate "2023.11.12"]
[SourceVersion "1"]
[SourceVersionDate "2023.11.12"]
[SourceQuality "1"]

1. e4 c5 2. Nf3 Nc6 3. d4 cxd4 4. Nxd4 Nf6 5. Nc3 e6 6. Ndb5 Bb4 7. a3 Bxc3+ 8. Nxc3 d5 9. exd5 exd5 10. Bd3 0-0 11. 0-0 d4 12. Ne2 Bg4 13. f3 Bh5 14. Bg5 Re8 15. Re1 Qd6 16. Qd2 Rad8 17. Nf4 Bg6 18. Nxg6 hxg6 19. Rxe8+ Rxe8 20. Re1 Rxe1+ 21. Qxe1 Ne5 22. Qd2 Nxd3 23. Qxd3 Qe5 24. Bh4 Qf4 25. Bxf6 gxf6 26. Kf2 Qh4+ 27. Kf1 Qf4 28. Kf2 Kg7 29. a4 b6 30. b3 Qh4+ 31. Kf1 Qxh2 32. Qxd4 Qh1+ 33. Kf2 Qc1 34. Qc3 Qf4 35. Qd3 Qh4+ 36. Kf1 Qh1+ 37. Kf2 Qh4+ 38. Ke2 Qh2 39. Kf1 Qh1+ 40. Kf2 Qh4+ 41. Kg1 Qe1+ 42. Qf1 Qe3+ 43. Qf2 Qc1+ 44. Kh2 Qh6+ 45. Kg1 Qc1+ 46. Kh2 1/2-1/2

[Event "Sochi Pearl Rapid op"]
[Site "Sochi"]
[Date "2023.10.10"]
[Round "7"]
[White "Nosacheva, Mariya"]
[Black "Ovod, Evgenija"]
[Result "1-0"]
[WhiteElo "2103"]
[BlackElo "2256"]
[PlyCount "103"]
[EventDate "2023.10.09"]
[EventType "swiss (rapid)"]
[EventRounds "11"]
[EventCountry "RUS"]
[SourceTitle "Mega2024 Update 01"]
[Source "Chessbase"]
[SourceDate "2023.11.12"]
[SourceVersion "1"]
[SourceVersionDate "2023.11.12"]
[SourceQuality "1"]

1. e4 e5 2. Nf3 Nc6 3. Bb5 Nf6 4. d3 Bc5 5. Bxc6 dxc6 6. Nbd2 0-0 7. Qe2 Re8 8. Nc4 Nd7 9. Bd2 f6 10. g4 Nf8 11. Nh4 Be6 12. 0-0-0 b5 13. Na5 Qd7 14. g5 fxg5 15. Bxg5 Bxa2 16. Rhg1 Kh8 17. Nf5 Ne6 18. Bd2 g6 19. Nh6 Nd4 20. Qf1 Nf3 21. Bg5 Rf8 22. Be3 Bxe3+ 23. fxe3 Nxg1 24. Qxg1 Be6 25. Qg5 Qg7 26. Nxc6 Rf2 27. Nxe5 Rxh2 28. Nef7+ Bxf7 29. Nxf7+ Kg8 30. Qd5 Rf8 31. Ng5+ Kh8 32. Ne6 Qh6 33. Nxf8 Qxe3+ 34. Kb1 Qf2 35. Rc1 Kg7 36. Qd8 Rh5 37. Ne6+ Kh6 38. Qxc7 Rh2 39. Qg7+ Kh5 40. Qxh7+ Kg4 41. Qxg6+ Kf3 42. Qf5+ Ke2 43. Qxb5 Qe3 44. d4+ Kf3 45. Qf5+ Kg3 46. Qg5+ Qxg5 47. Nxg5 Kf4 48. Rg1 a5 49. c3 a4 50. e5 Ke3 51. Ne6 a3 52. Nc5 1-0

[Event "Sochi Pearl Rapid op"]
[Site "Sochi"]
[Date "2023.10.09"]
[Round "1"]
[White "Tsydypov, Zhamsaran"]
[Black "Nosacheva, Mariya"]
[Result "1-0"]
[WhiteElo "2548"]
[BlackElo "2103"]
[PlyCount "51"]
[EventDate "2023.10.09"]
[EventType "swiss (rapid)"]
[EventRounds "11"]
[EventCountry "RUS"]
[SourceTitle "Mega2024 Update 01"]
[Source "Chessbase"]
[SourceDate "2023.11.12"]
[SourceVersion "1"]
[SourceVersionDate "2023.11.12"]
[SourceQuality "1"]

1. e4 c5 2. Nf3 d6 3. d4 cxd4 4. Nxd4 Nf6 5. Nc3 a6 6. Rg1 e5 7. Nb3 Be6 8. f4 Qb6 9. Rh1 Ng4 10. Qf3 exf4 11. Bxf4 Nc6 12. 0-0-0 Qf2 13. Bg3 Qe3+ 14. Kb1 Nce5 15. Qxe3 Nxe3 16. Re1 Nxf1 17. Rhxf1 Be7 18. Nd4 Nc4 19. Bf4 Bf6 20. Rd1 Rc8 21. Nd5 Bxd5 22. exd5 Bxd4 23. Rxd4 Kd7 24. b3 Na3+ 25. Kb2 Nxc2 26. Rd2 1-0

[Event "Titled Tuesday intern op 12th Sep Late"]
[Site "Chess.com INT"]
[Date "2023.09.12"]
[Round "3"]
[White "Novikova, Margarita"]
[Black "Nosacheva, Mariya"]
[Result "0-1"]
[WhiteElo "1995"]
[BlackElo "2091"]
[PlyCount "74"]
[EventDate "2023.09.12"]
[EventType "swiss (blitz)"]
[EventRounds "11"]
[EventCountry "USA"]
[SourceTitle "EXT 2024"]
[Source "ChessBase"]
[SourceDate "2023.10.10"]
[SourceVersion "1"]
[SourceVersionDate "2023.10.10"]
[SourceQuality "1"]

1. d4 Nf6 2. Bf4 g6 3. Qd2 Bg7 4. Bh6 0-0 5. Bxg7 Kxg7 6. Nc3 c5 7. e3 d5 8. Nf3 cxd4 9. exd4 Nc6 10. a3 Ne4 11. Qe3 Nxc3 12. Qxc3 Qa5 13. Qxa5 Nxa5 14. b3 Bf5 15. Kd2 Rac8 16. Bd3 Be4 17. Ng5 Bxd3 18. Kxd3 Rc7 19. Nf3 Rfc8 20. b4 Rc3+ 21. Ke2 Rxc2+ 22. Ke3 Nc4+ 23. Kf4 Rxf2 24. Kg3 Rc2 25. Rhe1 e6 26. h4 h5 27. a4 Nd6 28. Ne5 Nf5+ 29. Kh3 R8c3+ 30. Nf3 Nxd4 31. Rf1 Nf5 32. b5 Rb2 33. g3 Rbb3 34. Ne5 Rxg3+ 35. Kh2 Rb2+ 36. Kh1 Rgg2 37. Nf3 Ng3# 0-1

[Event "Titled Tuesday intern op 12th Sep Late"]
[Site "Chess.com INT"]
[Date "2023.09.12"]
[Round "9"]
[White "Sultanbek, Zeinep"]
[Black "Nosacheva, Mariya"]
[Result "1-0"]
[WhiteElo "2022"]
[BlackElo "2091"]
[PlyCount "129"]
[EventDate "2023.09.12"]
[EventType "swiss (blitz)"]
[EventRounds "11"]
[EventCountry "USA"]
[SourceTitle "EXT 2024"]
[Source "ChessBase"]
[SourceDate "2023.10.10"]
[SourceVersion "1"]
[SourceVersionDate "2023.10.10"]
[SourceQuality "1"]

1. d4 Nf6 2. c4 g6 3. Nc3 Bg7 4. e4 d6 5. Nf3 0-0 6. Be2 c6 7. 0-0 Na6 8. Bg5 h6 9. Bh4 Qc7 10. Qd2 Kh7 11. Rad1 Bg4 12. h3 Bxf3 13. Bxf3 e5 14. d5 c5 15. Be2 Ng8 16. Nb5 Qd7 17. Bg3 f5 18. f4 Nf6 19. exf5 gxf5 20. fxe5 Ne4 21. e6 Nxd2 22. exd7 Nxf1 23. Rxf1 Be5 24. Bxe5 dxe5 25. g4 Rad8 26. gxf5 Rxd7 27. f6 Kg6 28. Bd3+ Kf7 29. Bf5 Rdd8 30. Be4 Nb8 31. Nc7 Nd7 32. Ne6 Rg8+ 33. Kh2 Rc8 34. Bf5 Nxf6 35. Re1 e4 36. Nf4 Rce8 37. Be6+ Ke7 38. Bxg8 Rxg8 39. a3 Kd6 40. b4 b6 41. Rf1 Ke5 42. Ne6 e3 43. bxc5 bxc5 44. Re1 Kd6 45. Re2 Rb8 46. Rxe3 Rb2+ 47. Kg3 Ra2 48. Nf4 Rc2 49. Re6+ Kd7 50. Rxf6 Rxc4 51. Rxh6 Rc3+ 52. Kg4 Rxa3 53. Kf5 Rf3 54. Ke5 Re3+ 55. Kf5 Rf3 56. Rc6 Rf2 57. h4 c4 58. Rxc4 a5 59. h5 Ra2 60. Rc6 a4 61. Ra6 a3 62. h6 Ra1 63. h7 a2 64. h8Q Rh1 65. Qxh1 1-0

[Event "Titled Tuesday intern op 22nd Aug Early"]
[Site "Chess.com INT"]
[Date "2023.08.22"]
[Round "4"]
[White "Nosacheva, Mariya"]
[Black "Arabidze, Meri"]
[Result "0-1"]
[WhiteElo "2091"]
[BlackElo "2447"]
[PlyCount "78"]
[EventDate "2023.08.22"]
[EventType "swiss (blitz)"]
[EventRounds "11"]
[EventCountry "USA"]
[SourceTitle "EXT 2024"]
[Source "ChessBase"]
[SourceDate "2023.10.10"]
[SourceVersion "1"]
[SourceVersionDate "2023.10.10"]
[SourceQuality "1"]

1. e4 c5 2. Nf3 e6 3. d4 cxd4 4. Nxd4 Nc6 5. Nb5 d6 6. c4 Nf6 7. N1c3 a6 8. Na3 Be7 9. Be2 0-0 10. 0-0 b6 11. Be3 Bb7 12. Nc2 Ne5 13. f4 Ned7 14. Bd3 Nc5 15. e5 dxe5 16. Be2 exf4 17. Bxf4 Nce4 18. Nxe4 Nxe4 19. Qe1 Bc5+ 20. Kh1 f5 21. Rd1 Qf6 22. b4 Be7 23. Be3 e5 24. Bg4 Qg6 25. Bf3 Rad8 26. Bg1 Rxd1 27. Qxd1 Qh6 28. Qe1 Bh4 29. Qd1 Ng3+ 30. hxg3 Bxg3+ 31. Bh5 g6 32. Bxb6 gxh5 33. Bc5 Qg5 34. Kg1 Bh2+ 35. Kf2 Qxg2+ 36. Ke1 Bg3+ 37. Rf2 Bxf2+ 38. Bxf2 Qh1+ 39. Kd2 Rd8+ 0-1

[Event "Titled Tuesday intern op 22nd Aug Early"]
[Site "Chess.com INT"]
[Date "2023.08.22"]
[Round "7"]
[White "Nosacheva, Mariya"]
[Black "Kaminski, Victor Kazimierz"]
[Result "0-1"]
[WhiteElo "2091"]
[BlackElo "2247"]
[PlyCount "88"]
[EventDate "2023.08.22"]
[EventType "swiss (blitz)"]
[EventRounds "11"]
[EventCountry "USA"]
[SourceTitle "EXT 2024"]
[Source "ChessBase"]
[SourceDate "2023.10.10"]
[SourceVersion "1"]
[SourceVersionDate "2023.10.10"]
[SourceQuality "1"]

1. e4 e5 2. Nf3 Nc6 3. Bc4 Bc5 4. 0-0 Nf6 5. d4 Bxd4 6. Nxd4 Nxd4 7. f4 d6 8. fxe5 dxe5 9. Bg5 0-0 10. Bxf6 gxf6 11. Na3 Ne6 12. Qf3 Ng5 13. Qe2 Qd4+ 14. Kh1 Qxe4 15. Qxe4 Nxe4 16. Bd5 f5 17. Rae1 c6 18. Bxe4 fxe4 19. Rxe4 f6 20. g4 Be6 21. c4 h6 22. h4 Kg7 23. g5 hxg5 24. hxg5 fxg5 25. Rxf8 Rxf8 26. Rxe5 Kf6 27. Re2 Rh8+ 28. Kg1 Rh4 29. b3 a5 30. Nc2 a4 31. Rf2+ Kg6 32. Re2 Kf7 33. Kg2 Rg4+ 34. Kf2 Rf4+ 35. Kg2 Bg4 36. Rd2 Bf5 37. Nd4 Be4+ 38. Kg1 a3 39. Kh2 Bb1 40. Kg3 Bxa2 41. Nxc6 Bxb3 42. Ne5+ Ke6 43. Re2 Kf5 44. c5 Re4 0-1

[Event "Titled Tuesday intern op 22nd Aug Early"]
[Site "Chess.com INT"]
[Date "2023.08.22"]
[Round "2"]
[White "Nosacheva, Mariya"]
[Black "Skliarov, Viktor"]
[Result "1/2-1/2"]
[WhiteElo "2091"]
[BlackElo "2383"]
[PlyCount "168"]
[EventDate "2023.08.22"]
[EventType "swiss (blitz)"]
[EventRounds "11"]
[EventCountry "USA"]
[SourceTitle "EXT 2024"]
[Source "ChessBase"]
[SourceDate "2023.10.10"]
[SourceVersion "1"]
[SourceVersionDate "2023.10.10"]
[SourceQuality "1"]

1. e4 c5 2. Nf3 Nc6 3. d4 cxd4 4. Nxd4 Nf6 5. Nc3 e5 6. Ndb5 d6 7. Bg5 a6 8. Na3 b5 9. Bxf6 gxf6 10. Nd5 f5 11. Bd3 Be6 12. 0-0 Bg7 13. c4 bxc4 14. Nxc4 Bxd5 15. exd5 Nd4 16. Bxf5 Nxf5 17. Qg4 Qh4 18. Nxd6+ Kd7 19. Qxf5+ Kxd6 20. Rac1 Bf6 21. Rc6+ Ke7 22. d6+ Kf8 23. d7 Kg7 24. Rfc1 Rad8 25. R1c4 Qh6 26. Rg4+ Kf8 27. Qxf6 Qxf6 28. Rxf6 Rxd7 29. g3 Ra7 30. Ra4 Kg7 31. Rfxa6 Rd7 32. Kg2 Rd2 33. b3 Rc8 34. Rg4+ Kf8 35. Rg5 Rcc2 36. Ra8+ Ke7 37. Rf5 Rxa2 38. Rxa2 Rxa2 39. Rxe5+ Kf6 40. Rh5 Kg6 41. Rb5 Rb2 42. h4 h6 43. b4 Kf6 44. h5 Kg7 45. Rb6 Rb3 46. b5 Rb2 47. Rb7 Rb3 48. b6 Rb5 49. g4 Rb3 50. f3 Rb2+ 51. Kg3 Rb4 52. Kh4 Rb3 53. Kg3 Rb4 54. Rb8 Kh7 55. b7 Kg7 56. Kf2 Rb2+ 57. Ke3 Rb3+ 58. Kd4 Rb1 59. Kc3 Rb6 60. Kc4 Rb1 61. Kc5 Rc1+ 62. Kd6 Rd1+ 63. Ke7 Re1+ 64. Kd8 Rd1+ 65. Kc7 Rc1+ 66. Kd6 Rd1+ 67. Ke5 Re1+ 68. Kf5 Rb1 69. f4 Rb5+ 70. Ke4 Rb4+ 71. Kd5 Rb1 72. Kd6 Rb2 73. g5 Rb1 74. gxh6+ Kh7 75. Re8 Rxb7 76. Re7 Rb6+ 77. Ke5 Kxh6 78. Rxf7 Kxh5 79. Rg7 Kh6 80. Rg2 Rb5+ 81. Kf6 Rb6+ 82. Ke5 Rb5+ 83. Ke4 Rb4+ 84. Ke5 Rb5+ 1/2-1/2

[Event "Titled Tuesday intern op 15th Aug Early"]
[Site "Chess.com INT"]
[Date "2023.08.15"]
[Round "4"]
[White "Nosacheva, Mariya"]
[Black "Hajiyev, Kanan"]
[Result "0-1"]
[WhiteElo "2091"]
[BlackElo "2109"]
[PlyCount "154"]
[EventDate "2023.08.15"]
[EventType "swiss (blitz)"]
[EventRounds "11"]
[EventCountry "USA"]
[SourceTitle "EXT 2024"]
[Source "ChessBase"]
[SourceDate "2023.10.10"]
[SourceVersion "1"]
[SourceVersionDate "2023.10.10"]
[SourceQuality "1"]

1. e4 c6 2. d4 d5 3. e5 a6 4. c4 Bf5 5. Nc3 e6 6. h4 h5 7. Be2 Bb4 8. Bxh5 dxc4 9. g3 Qd5 10. Bf3 Be4 11. Bd2 Bxc3 12. bxc3 Ne7 13. Qe2 Bxf3 14. Nxf3 Nd7 15. Rb1 b5 16. Bc1 c5 17. 0-0 Nf5 18. dxc5 Nxc5 19. Ba3 Qd3 20. Rfe1 Qxe2 21. Rxe2 Nd3 22. Ng5 Ra7 23. Ne4 Nxe5 24. g4 Nxg4 25. Rd1 Rd7 26. Red2 Rxd2 27. Rxd2 Ne5 28. Nd6+ Nxd6 29. Rxd6 0-0 30. Rxa6 Rd8 31. Be7 Rd3 32. a4 bxa4 33. Rxa4 Rxc3 34. Bg5 Nf3+ 35. Kg2 Nxg5 36. hxg5 Kh7 37. Kf1 Kg6 38. Ra5 Rc2 39. Rc5 c3 40. f4 Kh5 41. Ke1 Kg4 42. Kd1 Rd2+ 43. Ke1 Kxf4 44. Rxc3 Rd5 45. Rc4+ Kxg5 46. Kf2 Kf6 47. Kf3 Rf5+ 48. Kg3 g5 49. Rc7 Rf4 50. Ra7 Rh4 51. Ra5 Rd4 52. Ra7 Rd5 53. Rb7 Rf5 54. Ra7 Kg6 55. Ra8 Rd5 56. Rg8+ Kh7 57. Rf8 Kg7 58. Ra8 f5 59. Re8 Rd3+ 60. Kf2 Kf7 61. Ra8 Kf6 62. Rf8+ Ke5 63. Ra8 g4 64. Ra4 Rf3+ 65. Kg2 f4 66. Ra5+ Kf6 67. Rh5 e5 68. Rh4 Rg3+ 69. Kf2 Kg5 70. Rh8 Kf5 71. Ra8 Rc3 72. Rg8 Rc2+ 73. Kf1 g3 74. Ra8 Ke4 75. Ra4+ Kf3 76. Ra3+ Kg4 77. Ra8 e4 0-1

[Event "Titled Tuesday intern op 15th Aug Early"]
[Site "Chess.com INT"]
[Date "2023.08.15"]
[Round "9"]
[White "Nosacheva, Mariya"]
[Black "Kraiouchkine, Nikita"]
[Result "1/2-1/2"]
[WhiteElo "2091"]
[BlackElo "2218"]
[PlyCount "75"]
[EventDate "2023.08.15"]
[EventType "swiss (blitz)"]
[EventRounds "11"]
[EventCountry "USA"]
[SourceTitle "EXT 2024"]
[Source "ChessBase"]
[SourceDate "2023.10.10"]
[SourceVersion "1"]
[SourceVersionDate "2023.10.10"]
[SourceQuality "1"]

1. e4 e5 2. Nf3 Nc6 3. Bc4 Nf6 4. d4 exd4 5. e5 d5 6. Bb5 Ne4 7. Nxd4 Bd7 8. Bxc6 bxc6 9. 0-0 Bc5 10. c3 0-0 11. f3 Ng5 12. f4 Ne4 13. Nd2 f6 14. Nxe4 dxe4 15. Qb3+ Kh8 16. e6 Bc8 17. f5 Qd5 18. Be3 Ba6 19. Rf2 Bd3 20. Qd1 Bd6 21. Qg4 c5 22. Ne2 Bxe2 23. Rxe2 Rfd8 24. Rf2 c4 25. Qh4 Rab8 26. Bd4 Bc5 27. Bxc5 Qxc5 28. Qxe4 Rxb2 29. Qf3 h6 30. Raf1 Rdd2 31. g3 Rxa2 32. Qa8+ Kh7 33. Qe8 Rxf2 34. Qg6+ Kg8 35. Qf7+ Kh7 36. Qg6+ Kg8 37. Qf7+ Kh7 38. Qg6+ 1/2-1/2

[Event "Titled Tuesday intern op 15th Aug Early"]
[Site "Chess.com INT"]
[Date "2023.08.15"]
[Round "1"]
[White "Nosacheva, Mariya"]
[Black "Matinian, Nikita"]
[Result "0-1"]
[WhiteElo "2091"]
[BlackElo "2421"]
[PlyCount "66"]
[EventDate "2023.08.15"]
[EventType "swiss (blitz)"]
[EventRounds "11"]
[EventCountry "USA"]
[SourceTitle "EXT 2024"]
[Source "ChessBase"]
[SourceDate "2023.10.10"]
[SourceVersion "1"]
[SourceVersionDate "2023.10.10"]
[SourceQuality "1"]

1. e4 c5 2. Nf3 e6 3. d4 cxd4 4. Nxd4 Nc6 5. Nc3 Nf6 6. Ndb5 Bb4 7. a3 Bxc3+ 8. Nxc3 d5 9. exd5 exd5 10. Bd3 0-0 11. 0-0 Bg4 12. f3 Bh5 13. Bg5 h6 14. Bxf6 Qxf6 15. Nxd5 Qxb2 16. Kh1 Rad8 17. Nf4 Bg6 18. Nxg6 fxg6 19. Rb1 Qxa3 20. Rxb7 Ne5 21. Qa1 Qc5 22. Qxa7 Qxa7 23. Rxa7 Nxd3 24. cxd3 Rxd3 25. Rb1 Rfd8 26. h3 R3d7 27. Rbb7 Rxb7 28. Rxb7 g5 29. Kh2 Kh7 30. Kg3 Rd4 31. Rb6 Rf4 32. Ra6 Rf6 33. h4 gxh4+ 0-1

[Event "Titled Tuesday intern op 15th Aug Early"]
[Site "Chess.com INT"]
[Date "2023.08.15"]
[Round "7"]
[White "Nosacheva, Mariya"]
[Black "Sava, Christiansen"]
[Result "1-0"]
[WhiteElo "2091"]
[BlackElo "2002"]
[PlyCount "59"]
[EventDate "2023.08.15"]
[EventType "swiss (blitz)"]
[EventRounds "11"]
[EventCountry "USA"]
[SourceTitle "EXT 2024"]
[Source "ChessBase"]
[SourceDate "2023.10.10"]
[SourceVersion "1"]
[SourceVersionDate "2023.10.10"]
[SourceQuality "1"]

1. e4 e6 2. d4 d5 3. Nc3 Bb4 4. exd5 exd5 5. Bd3 Nc6 6. a3 Bxc3+ 7. bxc3 Nge7 8. Qh5 Be6 9. Ne2 Qd7 10. Rb1 0-0-0 11. 0-0 Bf5 12. Qxf7 Rdf8 13. Bxf5 Rxf7 14. Bxd7+ Kxd7 15. Rxb7 Nf5 16. Bf4 Nd6 17. Bxd6 Kxd6 18. Nc1 Re8 19. f3 Re3 20. Nd3 Re2 21. Rf2 Rfe7 22. g3 R7e3 23. a4 a6 24. Rb1 Na5 25. Rb8 Nc4 26. Rd8+ Kc6 27. Nb4+ Kb7 28. Nxd5 Rxf2 29. Nxe3 Rxf3 30. Nxc4 1-0

[Event "Titled Tuesday intern op 08th Aug Early"]
[Site "Chess.com INT"]
[Date "2023.08.08"]
[Round "11"]
[White "Nosacheva, Mariya"]
[Black "Butti, Enrique"]
[Result "0-1"]
[WhiteElo "2091"]
[BlackElo "1981"]
[PlyCount "63"]
[EventDate "2023.08.08"]
[EventType "swiss (blitz)"]
[EventRounds "11"]
[EventCountry "USA"]
[SourceTitle "EXT 2024"]
[Source "ChessBase"]
[SourceDate "2023.10.10"]
[SourceVersion "1"]
[SourceVersionDate "2023.10.10"]
[SourceQuality "1"]

1. e4 c5 2. Nf3 d6 3. d4 cxd4 4. Nxd4 Nf6 5. Nc3 a6 6. g3 e5 7. Nb3 b5 8. a4 b4 9. Nd5 Bb7 10. Bg5 Nbd7 11. Bg2 Bxd5 12. exd5 Be7 13. 0-0 Rc8 14. h4 Qc7 15. Rc1 0-0 16. Qd2 Qb7 17. Na5 Qb6 18. Nc6 Rfe8 19. Qxb4 Rxc6 20. dxc6 Qxb4 21. cxd7 Nxd7 22. Bxe7 Rxe7 23. Rfd1 Qxb2 24. Rb1 Qc3 25. Rxd6 g6 26. Rb7 Qe1+ 27. Kh2 Qxf2 28. Rdxd7 Rxd7 29. Rxd7 e4 30. Rd1 e3 31. Rf1 Qd2 32. Kg1 0-1

[Event "Titled Tuesday intern op 08th Aug Early"]
[Site "Chess.com INT"]
[Date "2023.08.08"]
[Round "5"]
[White "Nosacheva, Mariya"]
[Black "Taboas Rodriguez, Daniel"]
[Result "0-1"]
[WhiteElo "2091"]
[BlackElo "2368"]
[PlyCount "70"]
[EventDate "2023.08.08"]
[EventType "swiss (blitz)"]
[EventRounds "11"]
[EventCountry "USA"]
[SourceTitle "EXT 2024"]
[Source "ChessBase"]
[SourceDate "2023.10.10"]
[SourceVersion "1"]
[SourceVersionDate "2023.10.10"]
[SourceQuality "1"]

1. e4 e5 2. Nf3 Nc6 3. Bb5 Nf6 4. d3 d6 5. 0-0 Bd7 6. a4 g6 7. c3 Bg7 8. a5 0-0 9. a6 b6 10. Re1 Nd4 11. Bxd7 Nxf3+ 12. Qxf3 Nxd7 13. Na3 Nc5 14. Nc4 Qc8 15. b4 Nxa6 16. Qg3 Nb8 17. b5 Nd7 18. Ba3 a6 19. bxa6 Rxa6 20. Rab1 Qa8 21. Bc1 Ra1 22. Be3 Rxb1 23. Rxb1 Qa2 24. Rc1 Qe2 25. Bd2 Nc5 26. d4 Nxe4 27. Qe3 Qxe3 28. Bxe3 Ra8 29. dxe5 Bxe5 30. Nxe5 dxe5 31. f3 Nd6 32. c4 c5 33. Bg5 Kg7 34. Be7 Nf5 35. Rb1 Nxe7 0-1

[Event "Titled Tuesday intern op 08th Aug Early"]
[Site "Chess.com INT"]
[Date "2023.08.08"]
[Round "9"]
[White "Tarnowska, Aleksandra"]
[Black "Nosacheva, Mariya"]
[Result "1-0"]
[WhiteElo "1860"]
[BlackElo "2091"]
[PlyCount "179"]
[EventDate "2023.08.08"]
[EventType "swiss (blitz)"]
[EventRounds "11"]
[EventCountry "USA"]
[SourceTitle "EXT 2024"]
[Source "ChessBase"]
[SourceDate "2023.10.10"]
[SourceVersion "1"]
[SourceVersionDate "2023.10.10"]
[SourceQuality "1"]

1. e4 c5 2. Nf3 Nc6 3. Bb5 g6 4. 0-0 Bg7 5. c3 Nf6 6. Re1 a6 7. Bxc6 dxc6 8. e5 Nd5 9. d4 cxd4 10. Qxd4 0-0 11. Nbd2 h5 12. Ne4 Bg4 13. Nfd2 Nf4 14. Qxd8 Rfxd8 15. Nf3 Bxf3 16. Bxf4 Bg4 17. h3 Bf5 18. Ng5 e6 19. Nf3 c5 20. Rad1 Rd5 21. c4 Rd3 22. Rxd3 Bxd3 23. b3 Bf5 24. Rd1 b5 25. Rd7 Bb1 26. a3 Bc2 27. cxb5 axb5 28. b4 c4 29. Ng5 Rf8 30. Rb7 Ba4 31. Rc7 Rd8 32. Nxf7 Rd1+ 33. Kh2 c3 34. Ng5 c2 35. Rc8+ Bf8 36. Nxe6 Kf7 37. Rxf8+ Kxe6 38. Rc8 Kd7 39. Rc3 Ke6 40. h4 Kf5 41. Kg3 Rd4 42. Be3 Rg4+ 43. Kh3 Kxe5 44. Rc5+ Ke4 45. Rc6 Kd3 46. Bg5 Ke2 47. f3 Rc4 48. Re6+ Kf2 49. Be3+ Kf1 50. Bd2 c1Q 51. Bxc1 Rxc1 52. Rxg6 Rc3 53. Rg5 Rxa3 54. Rxh5 Kf2 55. Rg5 Bb3 56. h5 Be6+ 57. Kh4 Ra4 58. h6 Rxb4+ 59. Kh5 Rb1 60. Kg6 Rh1 61. f4 Bd7 62. Kg7 b4 63. h7 b3 64. Rd5 b2 65. Rd2+ Ke3 66. Rxb2 Kxf4 67. h8Q Rxh8 68. Kxh8 Bg4 69. Kg7 Kg3 70. Kf6 Bd7 71. Kg5 Bc6 72. Rc2 Bxg2 73. Rc3+ Bf3 74. Kf5 Kf2 75. Kf4 Bd5 76. Rc2+ Ke1 77. Ke3 Kf1 78. Rd2 Bc6 79. Rb2 Bd5 80. Kf4 Bc6 81. Kg3 Bd5 82. Rc2 Bb7 83. Rc1+ Ke2 84. Rc3 Bd5 85. Kf4 Kd2 86. Rc5 Bb7 87. Ke5 Ke3 88. Rc3+ Kf2 89. Kd4 Bc6 90. Rxc6 1-0